000 00618nam a2200193Ia 4500
008 151121s9999||||xx |||||||||||||| ||und||
082 _a813-/वैशंपा
082 _bHNW-77735
100 _aवैशंपायन जान्हवी
245 _aलकी कॉईन
260 _bजे। के। पब्लि। नाशिक।
260 _c--
300 _a104
600 _aवैशंपायन जान्हवी
630 _aलकी कॉईन
700 _aवैशंपायन जान्हवी
730 _aलकी कॉईन
942 _cBOOK
999 _c1259149
_d1259146